01077nam a2200277 a 4500001001000000003000400010005001700014008004100031040002500072082002500097245007000122260010900192300002100301500007800322500007400400651005900474651005700533700002700590700002600617700003100643700002900674700002000703700002800723700002000751700002800771000005064OSt20240430111443.0090729s1978 dr 000 0 spa d aDO-SdBNPbspacBNPHU 4a330.97293bE19d 197700aEconomía dominicana, 1977 /cJosé Luis Alemán ... [et al.]. aSanto Domingo :bAsociación para el desarrollo,bFondo para el avance de las Ciencias Sociales,c1978. a295 p. ;c21 cm. aA la cabeza del titulo: Academia de Ciencias de la República Dominicana aIncluye referencias bibliográficas y notas al pie de las páginas. 4aRepública DominicanaxCondiciones Económicasy1977 4aRepública DominicanaxPolítica Económicay19771 aAlemán, José Luis,12aCabral, Manuel José12aCastillo, Francisco José12aDespradel, Carlosd1942-12aMungía, Jorge12aPérez Minaya, Ramón12aVolmar, Gustavo12aVega, Bernardo,d1938 -